000 01320nam a2200313 i 4500
003 EG-GICUC
005 20260416121926.0
008 260416s1950 sy ||||fr|||| 00| 0 ara d
040 _a EG-GICUC
_bara
_c EG-GICUC
_d EG-GICUC
_erda
041 _aara
082 0 4 _221
_a343.442020565
_bو ز . ق
092 0 4 _221
099 _aLaw1 10 343.442020565 و ز . ق 1950
110 2 _aوزارة العدلية الجمهورية السورية
_eمؤلف.
245 1 0 _aقانون العقوبات العسكرى :
_bالصادر بتاريخ 27 شباط 1950 /
_cوزارة العدلية الجمهورية السورية.
264 1 _aلا يوجد مكان نشر محدد :
_bلا يوجد ناشر محدد،
_c1950.
300 _a68 صفحة ;
_c24 سم.
_bإيضاحيات، صور، مثيليات ؛
336 _2rda content
_atext
337 _2rda media
_aComputer
338 _2rda carrier
_aOnline Resource
504 _a. 240-220 ببليوجرافيا: صفحات.
546 _aالنص باللغة العربية
650 1 _aالقانون الجنائي
_2qrmak
650 1 _aقانون العقوبات العسكري
_xقوانين وتشريعات
_2qrmak
651 1 _2qrmak
856 4 0 _uhttps://fll.law.cu.edu.eg/fulltext/bks/B10-06318.pdf
905 _a43
942 _2ddc
_n0
_cBK
_e21
999 _c71406
_d71406